| 000 | 00625nam a22001817a 4500 | ||
|---|---|---|---|
| 999 |
_c183851 _d183851 |
||
| 005 | 20220106115155.0 | ||
| 010 | _aENG-130971 | ||
| 020 |
_a978-93-89-648-553 _c699.00 |
||
| 035 | _aEN-114503 | ||
| 037 | _bDBAD | ||
| 082 | _a629.22750954 | ||
| 100 | _aRaj, Amrit | ||
| 245 |
_aIndian Icon: _cAmrit Raj _bA Cult Called Royal Enfield/ |
||
| 260 |
_aChennai _bWestland Publications Private LImited _c2020 |
||
| 270 |
_bChennai _e600096 _a1st Floor, A Block, East Wing, Plot No. 40, SP infocity, Dr. MGR Salai, Perungundi, Kandanchavadi |
||
| 300 |
_a301p. _c18cm(hbk) |
||
| 942 |
_2ddc _cEN _h629.22750954 _mRAJ |
||